[Event "Las Vegas 1000 GM op"]
[Site "Las Vegas"]
[Date "2023.06.09"]
[Round "3"]
[White "Dorn, Paris"]
[Black "Rajaram, Rohan"]
[Result "1-0"]
[WhiteElo "1908"]
[BlackElo "2138"]
[PlyCount "129"]
[EventDate "2023.06.08"]
[EventType "swiss"]
[EventRounds "9"]
[EventCountry "USA"]
[SourceTitle "CBM 214 Extra"]
[Source "ChessBase"]
[SourceDate "2023.07.31"]
[SourceVersion "1"]
[SourceVersionDate "2023.07.31"]
[SourceQuality "1"]

1. d4 Nf6 2. c4 e6 3. Nc3 Bb4 4. f3 c5 5. d5 b5 6. e4 d6 7. Nge2 0-0 8. Nf4 Bxc3+ 9. bxc3 e5 10. Ne2 bxc4 11. Ng3 Nbd7 12. Bxc4 Nb6 13. Be2 Bd7 14. 0-0 Rb8 15. a4 a5 16. f4 Qe8 17. fxe5 dxe5 18. Rxf6 gxf6 19. Bh6 Kh8 20. Nh5 Rg8 21. Nxf6 Qe7 22. Nxg8 Rxg8 23. Bf3 Nxa4 24. Be3 Qe8 25. Qb3 Qb8 26. Qc2 c4 27. Rxa4 Bxa4 28. Qxa4 Qb3 29. Qa1 Qc2 30. Qc1 Qd3 31. Qd2 Qb1+ 32. Qd1 Qb2 33. Qc1 Qb3 34. d6 a4 35. Bg5 Qb6+ 36. Be3 Qxd6 37. Be2 Qc6 38. Qf1 Rg7 39. Bxc4 a3 40. Qd3 Qa8 41. Qd5 Qb8 42. g3 f6 43. Qe6 Qd8 44. Bd5 a2 45. Qa6 f5 46. Qxa2 f4 47. Bf2 h5 48. Qa8 Qxa8 49. Bxa8 fxg3 50. hxg3 Rc7 51. Be1 Kg7 52. Kf2 Kf6 53. Bd5 Ra7 54. Ke2 Ra1 55. c4 Kg5 56. Be6 Kf6 57. Bd5 Ke7 58. Bb4+ Kd7 59. c5 Kc7 60. Bc3 Rb1 61. Bxe5+ Kc8 62. c6 h4 63. Be6+ Kd8 64. c7+ Ke7 65. c8Q 1-0

[Event "Banff op"]
[Site "Banff"]
[Date "2022.11.11"]
[Round "2"]
[White "Dorn, Paris"]
[Black "De Firmian, Nick E"]
[Result "0-1"]
[WhiteElo "1908"]
[BlackElo "2464"]
[PlyCount "91"]
[EventDate "2022.11.11"]
[EventType "swiss"]
[EventRounds "6"]
[EventCountry "CAN"]
[SourceTitle "CBM 211 Extra"]
[Source "ChessBase"]
[SourceDate "2023.01.31"]
[SourceVersion "1"]
[SourceVersionDate "2023.01.31"]
[SourceQuality "1"]

1. d4 Nf6 2. c4 e6 3. Nc3 Bb4 4. f3 d5 5. a3 Bxc3+ 6. bxc3 c5 7. cxd5 Nxd5 8. dxc5 Qa5 9. e4 Ne7 10. Be3 Nd7 11. Qb3 0-0 12. Bb5 Qc7 13. Bxd7 Bxd7 14. Ne2 Nc6 15. c4 e5 16. Rd1 Be6 17. Rd5 Na5 18. Qb4 Rfb8 19. Kf2 b6 20. cxb6 axb6 21. Rc1 Bxd5 22. cxd5 Qd8 23. Nc3 Rc8 24. Bxb6 Qh4+ 25. Kg1 Nc4 26. Bf2 Qh6 27. Ne2 Qa6 28. Ra1 Nxa3 29. Ng3 Nc2 30. Rxa6 Nxb4 31. Rxa8 Rxa8 32. h4 g6 33. Bc5 Nd3 34. Be7 Kg7 35. Ne2 f6 36. g4 Kf7 37. Bd6 Ra1+ 38. Kg2 Ra2 39. Kf1 Rc2 40. g5 f5 41. exf5 gxf5 42. f4 exf4 43. Nd4 Rf2+ 44. Kg1 f3 45. Nxf5 Rg2+ 46. Kh1 0-1

[Event "Banff op"]
[Site "Banff"]
[Date "2022.11.11"]
[Round "1"]
[White "Zacharias, Nicholas"]
[Black "Dorn, Paris"]
[Result "0-1"]
[WhiteElo "1635"]
[BlackElo "1908"]
[PlyCount "58"]
[EventDate "2022.11.11"]
[EventType "swiss"]
[EventRounds "6"]
[EventCountry "CAN"]
[SourceTitle "CBM 211 Extra"]
[Source "ChessBase"]
[SourceDate "2023.01.31"]
[SourceVersion "1"]
[SourceVersionDate "2023.01.31"]
[SourceQuality "1"]

1. e4 e6 2. d4 d5 3. e5 c5 4. c3 Nc6 5. Nf3 Bd7 6. a3 Rc8 7. Bd3 cxd4 8. 0-0 dxc3 9. Nxc3 a6 10. Re1 Nge7 11. h4 Ng6 12. h5 Nh4 13. Nh2 Nd4 14. Bb1 Bc5 15. g3 Nhf5 16. g4 Ne7 17. Be3 Nb5 18. Nxb5 Bxb5 19. a4 Bd7 20. Nf3 Qb6 21. Ra3 Bxe3 22. fxe3 Rc4 23. Nd4 Nc6 24. Rb3 Qa7 25. Kh2 Nxe5 26. Nf5 Nxg4+ 27. Kg1 Qb8 28. Re2 exf5 29. Qxd5 Qg3+ 0-1

[Event "Banff op"]
[Site "Banff"]
[Date "2021.11.13"]
[Round "4"]
[White "Dorn, Paris"]
[Black "Koperski, Dustin"]
[Result "1-0"]
[WhiteElo "1419"]
[BlackElo "1799"]
[PlyCount "75"]
[EventDate "2021.11.12"]
[EventType "swiss"]
[EventRounds "6"]
[EventCountry "CAN"]
[SourceTitle "CBM 205 Extra"]
[Source "ChessBase"]
[SourceDate "2022.01.31"]
[SourceVersion "1"]
[SourceVersionDate "2022.01.31"]
[SourceQuality "1"]

1. d4 Nf6 2. c4 c5 3. d5 b5 4. cxb5 a6 5. e3 g6 6. Nc3 Bg7 7. a4 0-0 8. e4 d6 9. Nf3 axb5 10. Bxb5 Bg4 11. 0-0 Nbd7 12. h3 Bxf3 13. Qxf3 Qa5 14. Qe2 Rfb8 15. Bd2 Qb6 16. Rfe1 Nf8 17. Nd1 Ne8 18. Bc3 Bxc3 19. Nxc3 Nc7 20. Bc6 Ra7 21. Reb1 Nfe6 22. dxe6 Qxc6 23. exf7+ Kxf7 24. Qc4+ e6 25. b4 Rab7 26. b5 d5 27. exd5 exd5 28. Qh4 Qf6 29. Qxh7+ Kf8 30. Qh6+ Kg8 31. Qd2 d4 32. Ne4 Qe5 33. Qd3 Ne6 34. a5 Kg7 35. a6 Rb6 36. a7 Ra8 37. Nd2 Nf4 38. Qf3 1-0